ბათუმის შოთა რუსთაველის სახელმწიფო უნივერსიტეტის ბიბლიოთეკა

ქართული ენის განმარტებითი ლექსიკონი. ტ . 7 : ფ, ქ, ღ, ყ, შ / (ბიბ.ჩანაწერი № 52932)

000 -ლიდერი
ფიქსირებული სიგრძის საკონტროლო ველი 01735nam a2200265Ia 4500
001 - საკონტროლო ნომერი
საკონტროლო ველი 19962
003 - საკონტროლო ნომრის იდენტიფიკატორი
საკონტროლო ველი GE_BSU
005 - ბოლო ოპერაციის თარიღი და დრო
საკონტროლო ველი 20190625203634.0
008 - ფიქსირებული სიგრძის მონაცემთა ელემენტები - ზოგადი ინფორმაცია
ფიქსირებული სიგრძის საკონტროლო ველი 181216s1962||||ge |||||||||||||| ||geo||
040 ## - კატალოგიზაციის წყარო
Transcribing agency GE_BSU
041 ## - ენის კოდი
Language code of text/sound track or separate title geo
080 ## - უნივერსალური ათობითი კლასიფიკაციის ინდექსი
Universal Decimal Classification number 81'374.3=353.1
245 ## - ცნობა სათაურის შესახებ
Title ქართული ენის განმარტებითი ლექსიკონი. ტ . 7 : ფ, ქ, ღ, ყ, შ /
Statement of responsibility, etc მთ. რედ : გ. ახვლედიანი ; [და სხვ.]. არნ. ჩიქობავას საერთო რედაქციით ; რედ : ქ. ლომთათიძე, სტ. მენთეშაშვილი ; პ. გაჩეჩილაძე.
264 ## - წარმოების, გამოცემის, დისტრიბუციის და სხვა ცნობები
გამოცემის, წარმოების, დისტრიბუციის... ადგილი თბილისი :
გამოცემის, წარმოების, დისტრიბუციის... სახელწოდება საქ. სსრ მეცნ. აკადემიიის გამ-ბა,
გამოცემის, წარმოების, დისტრიბუციის... თარიღი 1962.
300 ## - ფიზიკური აღწერა
Extent 1480 გვ.:
Dimensions 28 სმ.
546 ## - LANGUAGE NOTE
Language note პარალ. თავფ. რუს.ენაზე
653 ## - INDEX TERM--UNCONTROLLED
Uncontrolled term ქართული ენის განმარტებითი ლექსიკონი. ტ . 7 : ფ, ქ, ღ, ყ, შ
700 ## - ADDED ENTRY--PERSONAL NAME
Personal name ახვლედიანი, გ [და სხვ.]
Relator term მთავარი რედაქცია
9 (RLIN) 2910
700 ## - ADDED ENTRY--PERSONAL NAME
Personal name ჩიქობავა, არნოლდის
Relator term საერთო რედაქციით
9 (RLIN) 2907
700 ## - ADDED ENTRY--PERSONAL NAME
Personal name ლომთათიძე, ქ
Relator term რედაქტორი
9 (RLIN) 2924
700 ## - ADDED ENTRY--PERSONAL NAME
Personal name მენთეშაშვილი, სტ
Relator term რედაქტორი
9 (RLIN) 2925
700 ## - ADDED ENTRY--PERSONAL NAME
Personal name გაჩეჩილაძე, პ
Relator term რედაქტორი
9 (RLIN) 2926
710 ## - ADDED ENTRY--CORPORATE NAME
Corporate name or jurisdiction name as entry element საქ. სსრ მეცნ. აკადემია
9 (RLIN) 2927
942 ## - ADDED ENTRY ELEMENTS (KOHA)
Koha item type წიგნი
Source of classification or shelving scheme
ეგზემპლარები
ჩამოწერის სტატუსი დაკარგული ეგზემპლარის სტატუსი კლასიფიკაციის წყარო ან თაროზე გაწყობის სქემა დაზიანების სტატუსი არ გაიცემა მუდმივი მდებარეობა (დაცვის ადგილი) ამჟამინდელი ადგილსამყოფელი თაროზე განთავსების ადგილი შეძენის თარიღი ღირებულება, შესყიდვის ნორმალური ფასი სრული შენახვის შიფრი შტრიხკოდი ბოლო ოპერაციის თარიღი ეგზემპლარის მიმდევრობითი ნომერი (კეტერი?) ფასის ძალაში შესვლის თარიღი ეგზემპლარის სახეობა საჯარო შენიშვნა
          ბათუმის შოთა რუსთაველის სახელმწიფო უნივერსიტეტის მთავარი ბიბლიოთეკა ბათუმის შოთა რუსთაველის სახელმწიფო უნივერსიტეტის მთავარი ბიბლიოთეკა წიგნსაცავი 2018-12-17 15.00 81'374.3=353.1 ქ-27 52552 2018-12-17 52552 2018-12-17 წიგნი 15 ლ.
          ბათუმის შოთა რუსთაველის სახელმწიფო უნივერსიტეტის მთავარი ბიბლიოთეკა ბათუმის შოთა რუსთაველის სახელმწიფო უნივერსიტეტის მთავარი ბიბლიოთეკა წიგნსაცავი 2019-06-25 6.00 81'374.3=353.1 ქ-27 29175 2019-06-25 29175 2019-06-25 წიგნი 6 ლ.